000
00220nam a2200085Ia 4500
008
120527s9999 xx 000 0 und d
100
_a
ETTINGER,J,Stephen.
245
_a
Textbook of veterinary internal medicne.
942
_c
BK
999
_c
23644
_d
23644